Detalles MARC
| 000 -LEADER |
| campo de control de longitud fija |
01730nam a22003494i 4500 |
| 003 - IDENTIFICADOR DE NÚMERO DE CONTROL |
| campo de control |
PE-LiUPU |
| 005 - FECHA Y HORA DE LA ÚLTIMA TRANSACCIÓN |
| campo de control |
20260218090323.0 |
| 008 - DATOS DE LONGITUD FIJA--INFORMACIÓN GENERAL |
| campo de control de longitud fija |
070101s2007 ag a b 001 0 spa d |
| 020 ## - NÚMERO INTERNACIONAL ESTÁNDAR DEL LIBRO |
| Número Internacional Estándar del Libro |
9789875673434 |
| 035 ## - NÚMERO DE CONTROL DEL SISTEMA |
| Número de control de sistema |
PE-LiUPU000016 |
| 040 ## - FUENTE DE CATALOGACIÓN |
| Centro catalogador/agencia de origen |
PE-LiUPU |
| Lengua de catalogación |
spa |
| Centro/agencia transcriptor |
PE-LiUPU |
| Normas de descripción |
rda |
| 082 04 - NÚMERO DE LA CLASIFICACIÓN DECIMAL DEWEY |
| Número de clasificación |
224.5077 |
| Cutter |
D737s |
| Número de edición |
23 |
| 100 1# - ENTRADA PRINCIPAL--NOMBRE DE PERSONA |
| Nombre de persona |
Doukhan, Jacques B., |
| Término indicativo de función/relación |
autor. |
| 9 (RLIN) |
8060 |
| 245 10 - MENCIÓN DEL TÍTULO |
| Título |
Secretos de Daniel : |
| Resto del título |
sabiduría y sueños de un príncipe hebreo en el exilio / |
| Mención de responsabilidad, etc. |
Jacques B. Doukhan. |
| 250 ## - MENCION DE EDICION |
| Mención de edición |
Primera edición. |
| 264 #1 - PRODUCCIÓN, PUBLICACIÓN, DISTRIBUCIÓN, FABRICACIÓN Y COPYRIGHT |
| Producción, publicación, distribución, fabricación y copyright |
Florida, Buenos Aires : |
| Nombre del de productor, editor, distribuidor, fabricante |
Asociación Casa Editora Sudamericana, |
| Fecha de producción, publicación, distribución, fabricación o copyright |
2007. |
| 300 ## - DESCRIPCIÓN FÍSICA |
| Extensión |
192 páginas ; |
| Dimensiones |
23 cm |
| 336 ## - TIPO DE CONTENIDO |
| Término de tipo de contenido |
text |
| Fuente |
rdacontent |
| 337 ## - TIPO DE MEDIO |
| Nombre/término del tipo de medio |
unmediated |
| Fuente |
rdamedia |
| 338 ## - TIPO DE SOPORTE |
| Nombre/término del tipo de soporte |
volume |
| Fuente |
rdacarrier |
| 500 ## - NOTA GENERAL |
| Nota general |
Título original en inglés: Secrets of Daniel: Wisdom and Dreams of a Jewish Prince in Exile. |
| 500 ## - NOTA GENERAL |
| Nota general |
Publicado originalmente por Review and Herald Publishing Association. |
| 500 ## - NOTA GENERAL |
| Nota general |
Traducción de Claudia Blath. |
| 504 ## - NOTA DE BIBLIOGRAFÍA, ETC. |
| Nota de bibliografía, etc. |
Incluye referencias bibliográficas e índice. |
| 505 0# - NOTA DE CONTENIDO CON FORMATO |
| Nota de contenido con formato |
La victoria de Babilonia -- El gigante y la montaña -- Pasos dentro del horno en llamas -- El árbol en medio de la tierra -- La mano que se mueve -- Leones hechizados -- Cuatro bestias y un hijo de hombre -- La guerra del Kippur -- Réquiem por un mesías -- El sacerdote con ojos de fuego -- Guerras mundiales -- La victoria de Jerusalén. |
| 630 #0 - PUNTO DE ACCESO ADICIONAL DE MATERIA--TÍTULO UNIFORME |
| Título uniforme |
Biblia. |
| Nombre de parte o sección de la obra |
Daniel |
| Subdivisión general |
Crítica, interpretación etc. |
| 9 (RLIN) |
1192 |
| 650 24 - PUNTO DE ACCESO ADICIONAL DE MATERIA--TÉRMINO DE MATERIA |
| Término de materia o nombre geográfico como elemento de entrada |
Profecías bíblicas |
| 9 (RLIN) |
7857 |
| 700 1# - ENTRADA AGREGADA--NOMBRE PERSONAL |
| Nombre de persona |
Blath, Claudia, |
| Término indicativo de función/relación |
traductora. |
| 710 2# - ENTRADA AGREGADA--NOMBRE DE ENTIDAD CORPORATIVA |
| Nombre de entidad corporativa o nombre de jurisdicción como elemento de entrada |
Asociación Casa Editora Sudamericana, |
| Término indicativo de función/relación |
editor. |
| 942 ## - ELEMENTOS DE ENTRADA SECUNDARIOS (KOHA) |
| Fuente del sistema de clasificación o colocación |
Clasificación Decimal Dewey |
| Tipo de ítem Koha |
Libros físicos |
| 980 ## - EQUIVALENCIA O REFERENCIA-CRUZADA-MENCIÓN DE SERIE--NOMBRE DE PERSONA/TÍTULO [LOCAL, CANADÁ] |
| ID del usuario creador del registro |
18228 |
| Nombre del creador del registro |
Rebeca Esther Huerta Leyton |
| ID del último usuario que modificó el registro |
18226 |
| Nombre del último usuario que modificó el registro |
Jaime Vilcazán Jefe de Análisis Documental |